Writing secure code : practical strategies and proven techniques for building secure applications in a networked world (Record no. 171480)
[ view plain ]
| 000 -LEADER | |
|---|---|
| fixed length control field | 00548nam a2200157Ia 4500 |
| 008 - FIXED-LENGTH DATA ELEMENTS--GENERAL INFORMATION | |
| fixed length control field | 231217s9999 xx 000 0 und d |
| 041 ## - LANGUAGE CODE | |
| Language code of text/sound track or separate title | English |
| 082 ## - DEWEY DECIMAL CLASSIFICATION NUMBER | |
| Classification number | 001.64404 HOW |
| 100 ## - MAIN ENTRY--PERSONAL NAME | |
| Personal name | Howard, MichaelLeBlanc, David |
| 245 #0 - TITLE STATEMENT | |
| Title | Writing secure code : practical strategies and proven techniques for building secure applications in a networked world |
| 250 ## - EDITION STATEMENT | |
| Edition statement | 2nd ed |
| 260 ## - PUBLICATION, DISTRIBUTION, ETC. | |
| Date of publication, distribution, etc. | 2003 |
| Name of publisher, distributor, etc. | Microsoft Press |
| Place of publication, distribution, etc. | Washington |
| 300 ## - PHYSICAL DESCRIPTION | |
| Extent | xxviii+768 |
| 650 ## - SUBJECT ADDED ENTRY--TOPICAL TERM | |
| Topical term or geographic name entry element | Computer,organisation,:,fourth,semester-EC/TC/EE/IT/ME/BME/CSE,ISE |
| 942 ## - ADDED ENTRY ELEMENTS (KOHA) | |
| Koha item type | Books |
| Date last seen | Total checkouts | Full call number | Accession number | Price effective from | Category | Lost status | Damaged status | Department | Withdrawn status | Home library | Current library | Shelving location | Entry date | Grants | Billdate | Currency symbol | Conversion rate | Discount | Old discount |
|---|---|---|---|---|---|---|---|---|---|---|---|---|---|---|---|---|---|---|---|
| 26/01/2024 | 001.64404 HOW | 26865 | 26/01/2024 | Books | CS | Central Library | Central Library | CS | 19/03/2004 | CS | 10/12/2005 | AUS DOLLAR | 1 | ||||||
| 26/01/2024 | 001.64404 HOW | 26866 | 26/01/2024 | Books | CS | Central Library | Central Library | CS | 19/03/2004 | CS | 10/12/2005 | AUS DOLLAR | 1 | ||||||
| 26/01/2024 | 001.64404 HOW | 26867 | 26/01/2024 | Books | Central Library | Central Library | Central Library | Central Library | 19/03/2004 | CS | 10/12/2005 | AUS DOLLAR | 1 | ||||||
| 26/01/2024 | 001.64404 HOW | 26868 | 26/01/2024 | Books | Central Library | Central Library | Central Library | Central Library | 19/03/2004 | CS | 10/12/2005 | AUS DOLLAR | 1 |
